Bosque seco tropical Colombia / (Registro nro. 30833)
[ vista simple ]
| 000 -LEADER | |
|---|---|
| fixed length control field | 01255nam a22003017a 4500 |
| 003 - CONTROL NUMBER IDENTIFIER | |
| control field | OSt |
| 005 - DATE AND TIME OF LATEST TRANSACTION | |
| control field | 20240926081313.0 |
| 008 - FIXED-LENGTH DATA ELEMENTS--GENERAL INFORMATION | |
| fixed length control field | 240925b |||||||| |||| 00| 0 eng d |
| 020 ## - INTERNATIONAL STANDARD BOOK NUMBER | |
| International Standard Book Number | 9589674976 |
| 022 ## - INTERNATIONAL STANDARD SERIAL NUMBER | |
| Source | (obra completa) 9589550428 |
| 040 ## - CATALOGING SOURCE | |
| Original cataloging agency | CO-JMCR |
| Language of cataloging | spa |
| Transcribing agency | CO-JMCR |
| Modifying agency | CO-JMCR |
| Description conventions | rda |
| 041 0# - LANGUAGE CODE | |
| Language code of text/sound track or separate title | spa |
| 082 04 - DEWEY DECIMAL CLASSIFICATION NUMBER | |
| Classification number | 333.75 |
| Item number | D27j |
| Edition number | 23 |
| 100 1# - MAIN ENTRY--PERSONAL NAME | |
| Personal name | Díaz Merlano, Juan Manuel, |
| Dates associated with a name | 1955- |
| 9 (RLIN) | 43848 |
| 245 10 - TITLE STATEMENT | |
| Title | Bosque seco tropical Colombia / |
| Statement of responsibility, etc. | textos y dirección científica Juan Manuel Díaz Merlano ; fotogragía Fredy Gómez Suescún, Angélica Montes Arango ; mapas e ilustraciones Juan Carlos Piñeres Márquez. |
| 260 3# - PUBLICATION, DISTRIBUTION, ETC. | |
| Place of publication, distribution, etc. | Cali : |
| Name of publisher, distributor, etc. | Banco de Occidente, |
| Date of publication, distribution, etc. | [2006] |
| 300 ## - PHYSICAL DESCRIPTION | |
| Extent | 204 páginas : |
| Other physical details | ilustraciones, mapas ; |
| Dimensions | 34 cm. |
| 500 ## - GENERAL NOTE | |
| General note | Glosario : páginas 195-198. |
| 504 ## - BIBLIOGRAPHY, ETC. NOTE | |
| Bibliography, etc. note | Incluye bibliografía. |
| 650 14 - SUBJECT ADDED ENTRY--TOPICAL TERM | |
| Topical term or geographic name entry element | Bosques |
| Geographic subdivision | Colombia |
| Form subdivision | Fotografías. |
| 9 (RLIN) | 43849 |
| 650 24 - SUBJECT ADDED ENTRY--TOPICAL TERM | |
| Topical term or geographic name entry element | Bosques tropicales |
| Geographic subdivision | Colombia. |
| 9 (RLIN) | 43850 |
| 650 24 - SUBJECT ADDED ENTRY--TOPICAL TERM | |
| Topical term or geographic name entry element | Fauna de bosques |
| Geographic subdivision | Colombia. |
| 9 (RLIN) | 43851 |
| 650 24 - SUBJECT ADDED ENTRY--TOPICAL TERM | |
| Topical term or geographic name entry element | Recursos naturales |
| Geographic subdivision | Colombia |
| Form subdivision | Fotografías. |
| 9 (RLIN) | 43852 |
| 700 1# - ADDED ENTRY--PERSONAL NAME | |
| Personal name | Gómez Suescún, Fredy, |
| Relator term | fotógrafo |
| 9 (RLIN) | 43853 |
| 700 1# - ADDED ENTRY--PERSONAL NAME | |
| Personal name | Montes Arango, Angélica, |
| Relator term | fotógrafa |
| 9 (RLIN) | 35927 |
| 700 1# - ADDED ENTRY--PERSONAL NAME | |
| Personal name | Piñeres Márquez, Juan Carlos, |
| Relator term | ilustrador |
| 9 (RLIN) | 43854 |
| 942 ## - ADDED ENTRY ELEMENTS (KOHA) | |
| Source of classification or shelving scheme | Dewey Decimal Classification |
| Koha item type | Books |
| Withdrawn status | Lost status | Source of classification or shelving scheme | Damaged status | Not for loan | Home library | Current library | Shelving location | Date acquired | Total Checkouts | Full call number | Barcode | Date last seen | Copy number | Price effective from | Koha item type |
|---|---|---|---|---|---|---|---|---|---|---|---|---|---|---|---|
| Dewey Decimal Classification | Biblioteca Pública José María del Castillo y Rada | Biblioteca Pública José María del Castillo y Rada | Book Cart | 06/21/2023 | 333.75 D27j | 201812474 | 09/25/2024 | Ej.1 | 09/25/2024 | Books |